000 00470nam a22001937a 4500
005 20260116161831.0
008 260116b |||||||| |||| 00| 0 eng d
020 _a9789325968967
_c475.00
040 _aMAIN
041 _aEnglish
082 _a658.403
_bKOT
100 _a Kothari, C. R
_910834
245 _aQuantitative Techniques
250 _a3rd
260 _aUttar Pradesh
_bVikas Publishing
_c2024
300 _a479
650 _aManagement
942 _cBK
999 _c59995
_d59995